00494nam a22001577a 4500003000400000005001700004008004100021020001500062040002900077050002200106100006800128245005000196260004100246300002200287650002700309OSt20230804123255.0230804b |||||||| |||| 00| 0 eng d a0773050965 cChuka University Library aLB 1051bE38 1991 aRobert H. Short, Leornard L. Stewin and Stewart J.H McCann (ed) aEducational psychology: Canadian perspectives aTorontobCopp Clark Pitman Ltdc1991 a465pbIllustrated aEducational psychology